| 000 | 00912nam a22003011 4500 | ||
|---|---|---|---|
| 001 | 01107648 | ||
| 003 | DO-SdBNP | ||
| 005 | 20180130110951.0 | ||
| 007 | 01107648 | ||
| 008 | 920725s1966 sp spa | ||
| 016 | 7 |
_a _z _2BPMSU |
|
| 017 |
_a _b |
||
| 035 | _a | ||
| 040 |
_aBPMSU _bspa _cBPMSU |
||
| 080 | 0 | _a | |
| 080 | 0 | _a | |
| 245 | 1 | 0 |
_aLo que se ha dicho de la virtud y del vicio : _h _bProverbios, refranes, cantares / _cRecopilación y selección por Jorge Sintes Pros |
| 260 |
_aBarcelona : _bSintes, _c1966 |
||
| 300 |
_a270 p. : _c17 cm |
||
| 490 | 0 |
_a "Lo Que se Ha Dicho..." _vv. 14 |
|
| 650 | 7 |
_aVirtudes _vRefranes y proverbios _2embne |
|
| 650 | 7 |
_aVicios _vRefranes y proverbios _2embne |
|
| 700 | 1 | _aSintes Pros, Jorge | |
| 830 |
_p "Lo Que se Ha Dicho..." _v4 |
||
| 942 |
_2ddc _cBK |
||
| 945 | _aInventariado, 2018/ YL | ||
| 956 |
_aVMATEO _210 _320160308 _6BPMSU _800069 |
||
| 999 |
_c9320 _d9320 |
||